-
andeson Business lonsuting IIM Locknow Iit Madras
Entry Personal Name
Number of records used in: 1
001 - CONTROL NUMBER
003 - CONTROL NUMBER IDENTIFIER
005 - DATE AND TIME OF LATEST TRANSACTION
- control field:
20160430094802.0
008 - FIXED-LENGTH DATA ELEMENTS
- fixed length control field:
160430|| aca||aabn | a|a d
040 ## - CATALOGING SOURCE
- Original cataloging agency:
OSt
- Transcribing agency:
OSt
100 ## - HEADING--PERSONAL NAME
- Personal name:
andeson Business lonsuting IIM Locknow Iit Madras
670 ## - SOURCE DATA FOUND
- Source citation:
Work cat.: (OSt): andeson Business lonsuting IIM Locknow Iit Madras, India's Manufactoring sector policy framemorh., 2003